| 000 | 00692nam a22002295a 4500 | ||
|---|---|---|---|
| 005 | 20161219151031.0 | ||
| 008 | 161219t2011 nyua fr 001 0 eng d | ||
| 020 | _a9780071748841 | ||
| 020 | _a0071748849 | ||
| 040 |
_aEG-ScBUE _beng _cEG-ScBUE _dEG-ScBUE |
||
| 082 | 0 | 4 |
_222 _a332.632220112 _bSIN |
| 100 | 1 |
_938653 _aSincere, Michael. |
|
| 245 | 1 | 0 |
_aAll about market indicators / _cMichael Sincere. |
| 260 |
_aNew York : _bMcGraw-Hill, _cc.2011. |
||
| 300 |
_avi, 217 p. : _bill. ; _c24 cm. |
||
| 500 | _aIndex : p. 213-217. | ||
| 650 | 7 |
_2BUEsh _aStock price forecasting. _93422 |
|
| 650 | 7 |
_aStock exchanges. _2BUEsh |
|
| 651 | _2BUEsh | ||
| 653 |
_bBUSADM _cDecember2016 |
||
| 942 | _2ddc | ||
| 999 |
_c23641 _d23613 |
||